Born Free (Record no. 15644)
[ view plain ]
| 000 -LEADER | |
|---|---|
| fixed length control field | 02341ngm a22004457a 4500 |
| 008 - FIXED-LENGTH DATA ELEMENTS--GENERAL INFORMATION | |
| fixed length control field | 110621s2003 cau|||||s|||| 00| 0 eng d |
| 020 ## - INTERNATIONAL STANDARD BOOK NUMBER | |
| International Standard Book Number | 0767881370 |
| 020 ## - INTERNATIONAL STANDARD BOOK NUMBER | |
| International Standard Book Number | 9780767881371 |
| 082 ## - DEWEY DECIMAL CLASSIFICATION NUMBER | |
| Edition number | 22 |
| Classification number | 791.4372 |
| Item number | BOR |
| 245 00 - TITLE STATEMENT | |
| Title | Born Free |
| Medium | [videorecording] / |
| Statement of responsibility, etc | Columbia Pictures and [presented by] Carl Foreman; ; written for the screen by Gerald L.C. Copley ; produced by Sam Jaffe and Paul Radin ; directed by James Hill |
| 260 ## - PUBLICATION, DISTRIBUTION, ETC. (IMPRINT) | |
| Place of publication, distribution, etc | Culver City, CA : |
| Name of publisher, distributor, etc | Columbia TriStar Home Entertainment,2003 |
| Date of publication, distribution, etc | 2003 |
| 300 ## - PHYSICAL DESCRIPTION | |
| Extent | 1 videodisc (95 min.) : |
| Other physical details | sd., col. ; |
| Dimensions | 4 3/4 in. |
| 500 ## - GENERAL NOTE | |
| General note | Originally released as a motion picture in 1965. |
| 500 ## - GENERAL NOTE | |
| General note | Based on the book by Joy Adamson. |
| 500 ## - GENERAL NOTE | |
| General note | Special features:digitally mastered audio & anamorphic video, remastered in high definition |
| 508 ## - CREATION/PRODUCTION CREDITS NOTE | |
| Creation/production credits note | Director of photography, Kenneth Talbot ; editor, Don Deacon ; music, John Barry |
| 511 ## - PARTICIPANT OR PERFORMER NOTE | |
| Participant or performer note | Virginia McKenna, Bill Travers, Geoffrey Keen |
| 520 ## - SUMMARY, ETC. | |
| Summary, etc | When game warden George Adamson is forced to kill a lion and lioness, he and his wife Joy adopt their three cubs. Two are sent off to zoos but the third is kept, a female they name Elsa. When Elsa is fully grown, the Adamsons realize she must be taught to survive on her own. |
| 521 ## - TARGET AUDIENCE NOTE | |
| Target audience note | Rated PG |
| 538 ## - SYSTEM DETAILS NOTE | |
| System details note | DVD; Region 1, NTSC; Dolby digital ; widescreen (2.35:1 aspect ratio) and full screen presentation |
| 546 ## - LANGUAGE NOTE | |
| Language note | English dialogue with optional Japanese, French, Spanish or Korean subtitles; closed-captioned. |
| 586 ## - AWARDS NOTE | |
| Awards note | 2 Academy Awards. Best Score, and Best Song, 1967 |
| 650 ## - SUBJECT ADDED ENTRY--TOPICAL TERM | |
| 9 (RLIN) | 25617 |
| Topical term or geographic name as entry element | Lion |
| Geographic subdivision | Africa |
| 653 ## - INDEX TERM--UNCONTROLLED | |
| Arrived date list | June2011 |
| -- | June2011 |
| 655 ## - INDEX TERM--GENRE/FORM | |
| Genre/form data or focus term | Feature films |
| 700 ## - ADDED ENTRY--PERSONAL NAME | |
| 9 (RLIN) | 25618 |
| Personal name | McKenna, Virginia |
| Dates associated with a name | 1931- |
| Relator term | act |
| 700 ## - ADDED ENTRY--PERSONAL NAME | |
| 9 (RLIN) | 25619 |
| Personal name | Travers, Bill |
| Relator term | act |
| 700 ## - ADDED ENTRY--PERSONAL NAME | |
| 9 (RLIN) | 25620 |
| Personal name | Keen, Geoffrey |
| Dates associated with a name | 1916- |
| Relator term | act |
| 700 ## - ADDED ENTRY--PERSONAL NAME | |
| 9 (RLIN) | 25621 |
| Personal name | Adamson, Joy |
| Dates associated with a name | 1916- |
| Relator term | aut |
| Title of a work | Born Free |
| 700 ## - ADDED ENTRY--PERSONAL NAME | |
| 9 (RLIN) | 25622 |
| Personal name | Copley, Gerald L.C. |
| Relator term | aus |
| 700 ## - ADDED ENTRY--PERSONAL NAME | |
| 9 (RLIN) | 25623 |
| Personal name | Jaffe, Sam |
| Relator term | pro |
| 700 ## - ADDED ENTRY--PERSONAL NAME | |
| 9 (RLIN) | 25624 |
| Personal name | Radin, Paul |
| Relator term | pro |
| 700 ## - ADDED ENTRY--PERSONAL NAME | |
| 9 (RLIN) | 25625 |
| Personal name | Hill, James |
| Relator term | drt |
| 700 ## - ADDED ENTRY--PERSONAL NAME | |
| 9 (RLIN) | 25626 |
| Personal name | Barry, John |
| Relator term | cmp |
| 700 ## - ADDED ENTRY--PERSONAL NAME | |
| 9 (RLIN) | 25628 |
| Personal name | Talbot, Kenneth |
| Relator term | cng |
| 700 ## - ADDED ENTRY--PERSONAL NAME | |
| 9 (RLIN) | 25630 |
| Personal name | Deacon, Don |
| Relator term | cng |
| 710 ## - ADDED ENTRY--CORPORATE NAME | |
| 9 (RLIN) | 25048 |
| Corporate name or jurisdiction name as entry element | Columbia Pictures Corporation |
| 710 ## - ADDED ENTRY--CORPORATE NAME | |
| 9 (RLIN) | 14115 |
| Corporate name or jurisdiction name as entry element | Columbia TriStar Home Entertainment (Firm) |
| 942 ## - ADDED ENTRY ELEMENTS (KOHA) | |
| Source of classification or shelving scheme | Dewey Decimal Classification |
| Item type | CD | DVD - Documentary (NB) |
| Withdrawn status | Lost status | Source of classification or shelving scheme | Damaged status | Not for loan | Koha collection | Location (home branch) | Sublocation or collection (holding branch) | Shelving location | Date acquired | Source of acquisition | Cost, normal purchase price | Invoice Number | Koha issues (times borrowed) | Koha full call number | Piece designation (barcode) | Koha date last seen | Price effective from | Koha item type |
|---|---|---|---|---|---|---|---|---|---|---|---|---|---|---|---|---|---|---|
| Dewey Decimal Classification | Baccah | Central Library | Central Library | Second Floor | 21/06/2011 | Purchase | 142.00 | 12512 | 791.4372 BOR | 000024270 | 24/08/2022 | 21/06/2011 | CD | DVD - Documentary (NB) |